Az epilepszia farmakoterápiája 1999 [Pharmacotherapy of epilepsy: 1999] /

Elmentve itt :
Bibliográfiai részletek
Szerzők: István Boglárka
Szupera Zoltán
Vécsei László
Dokumentumtípus: Cikk
Megjelent: 1999
Sorozat:MAGYAR ALAPELLÁTÁSI ARCHÍVUM 2
Tárgyszavak:
mtmt:1078131
Online Access:http://publicatio.bibl.u-szeged.hu/31440
LEADER 00766nab a2200229 i 4500
001 publ31440
005 20250107100058.0
008 250107s1999 hu o 000 hun d
022 |a 1419-0249 
024 7 |a 1078131  |2 mtmt 
040 |a SZTE Publicatio Repozitórium  |b hun 
041 |a hun 
100 1 |a István Boglárka 
245 1 3 |a Az epilepszia farmakoterápiája  |h [elektronikus dokumentum] :  |b 1999 [Pharmacotherapy of epilepsy: 1999] /  |c  István Boglárka 
260 |c 1999 
300 |a 5 
300 |a 102-106 
490 0 |a MAGYAR ALAPELLÁTÁSI ARCHÍVUM  |v 2 
650 4 |a Általános orvostudomány 
700 0 1 |a Szupera Zoltán  |e aut 
700 0 1 |a Vécsei László  |e aut 
856 4 0 |u http://publicatio.bibl.u-szeged.hu/31440/1/aok_klny_363_99.pdf  |z Dokumentum-elérés